| 000 | 00606nam a22002177a 4500 | ||
|---|---|---|---|
| 003 | BPGM | ||
| 008 | 260407b mx o|||gr|||| 000 0 spa d | ||
| 020 | _a968-80-0637-8 | ||
| 040 | _bspa | ||
| 041 |
_aspa _hSPA |
||
| 041 |
_aspa _hSPA |
||
| 082 | 0 | 4 |
_a759.972 _bU54 |
| 245 | _aEl universo del amate | ||
| 260 |
_aCOYOACÁN, MÉXICO _bMUSEO DE CULTURAS POPULARES _c1982 |
||
| 300 |
_a84 _c21.9 X 21.9 CM |
||
| 336 |
_2rdacontent _atexto _btxt |
||
| 337 |
_2rdamedia _asin mediación _bn |
||
| 338 |
_2rdacarrier _avolumen _bnc |
||
| 700 |
_aMARTÍNEZ RUTILO, GREGORIO _eILUSTRADOR |
||
| 942 |
_2ddc _cCONSULTA |
||
| 999 |
_c68558 _d68558 |
||